The physics of ice

Αποθηκεύτηκε σε:
Λεπτομέρειες βιβλιογραφικής εγγραφής
Κύριος συγγραφέας: Pounder, Elton Roy
Μορφή: Βιβλίο
Γλώσσα:English
Δημοσίευση: Oxford : Pergamon Press, 1965
Θέματα:
Ετικέτες: Προσθήκη ετικέτας
Δεν υπάρχουν, Καταχωρήστε ετικέτα πρώτοι!

MARC

LEADER 00000nam a2200000 i 4500
001 1/36072
008 941103s1965 eng d
035 |a 1988  |l 10040142 
040 |a GR-MY-UA  |b gre  |e aacr 
041 0 |a eng 
082 0 |a 551.31 
100 1 |a Pounder, Elton Roy. 
245 1 4 |a The physics of ice /  |c E.R. Pounder 
260 |a Oxford :   |b Pergamon Press,   |c 1965 
300 |a vii, 151 σ.;  |b εικ.;  |c 28 εκ. 
504 |a Περιέχει βιβλιογραφικές αναφορές και ευρετήριο 
650 0 0 |a Ice. 
852 |a INST  |b SAMOS  |e 19941103  |h 551.31 POU  |p 005300000903  |q 005300000903  |t BK  |y 0 
909 |a Σ  |b 012266